Score 0/12 Timer 01:30
0 Plays Today
Clue 5-Letter Answer % Correct
Look at something without blinkingSTARE
97.8%
Shopper's stopSTORE
93.8%
Leonard Nimoy's Star Trek characterSPOCK
93.8%
Land at the edge of waterSHORE
93.6%
Communicate vocallySPEAK
93.3%
Bit of dustSPECK
92.8%
Allotted portionSHARE
92.7%
NASDAQ exchange unitSTOCK
90.1%
A relatively orderly pileSTACK
89.1%
'Winter is Coming' house in Game of ThronesSTARK
88.7%
Gladiator's weapon📚 SPEAR 📚
88%
What you do with a polaroid picture📚 SHAKE 📚
72.9%

Today's Daily Dose

You're not logged in!

Compare scores with friends on all Sporcle quizzes.
OR
Log In

Sporcle TV

Today on Sporcle TV


Watch our educational content, quiz creation guides, and fun videos on Sporcle TV.

Show Comments

Extras

Top Quizzes Today


Score Distribution

Your Account Isn't Verified!

In order to create a playlist on Sporcle, you need to verify the email address you used during registration. Go to your Sporcle Settings to finish the process.

Report this User

Report this user for behavior that violates our Community Guidelines.

Details: